000 00224nam a2200097Ia 4500
008 240625s9999 xx 000 0 und d
041 _aeng
082 _a658.153 KEN
100 _aKENNEDY DIANE
245 _aLOOPHOLES OF THE RICH
999 _c32978
_d32978